Zgadnij kraj po trzech podpowiedziach #2 - Statystyki

Ogólne statystyki
  • Ten quiz został rozwiązany 78 razy
  • Średni wynik to 3 z 8
Statystyki odpowiedzi
Podpowiedzi Kraj % Poprawnych
Pizza,Makaron,Język miłości Włochy
97%
Słowianie,Niedźwiedź,Car Rosja
88%
Dawniej Protestantyzm,Rower,Tereny zależne Holandia
49%
Piwo,Rudolf Habsurg ,Błękitny rozwód Czechy
44%
Brak lotniska,Góry,Dwóch rządzi Andora
26%
Piłka nożna,Cesarstwo,Język romański Brazylia
25%
Wakacje, Ogromna turystyka,Morze Malediwy
7%
Język rosyjski,Rubel,Prawie nieuznawany Abchazja
3%
Nie znaleziono quizów pasujących do podanych kryteriów
Rozkład punktacji
Procent ludzi z każdym wynikiem
Percentyl według liczby udzielonych odpowiedzi
Twoja historia wyników
Nie rozwiązałeś tego quizu